banner-ar

NORTH AFRICA: ALGERIA, MOROCCO, TUNISIA / (Record no. 19603)

MARC details
000 -الفاتح
حقل البيانات ثابتة الطول 00558nam a2200217Ia 4500
008 - عناصر البيانات ثابتة الطول - معلومات عامة
حقل البيانات ثابتة الطول 140319s9999 xx 000 0 eng d
040 ## - مصدر الفهرسة
وكالة الفهرسة الأصلية GCL /
وكالة النسخ GCL
082 04 - رقم تصنيف ديوى العشرى
رقم التصنيف 910.202
رقم المادة F N
100 1# - المدخل الرئيسى - إسم شخصى
الإسم الشخصى FODOR'S TRAVEL GUIDES
245 10 - بيان العنوان
العنوان NORTH AFRICA: ALGERIA, MOROCCO, TUNISIA /
بيان المسئوليه,etc FODOR'S TRAVEL GUIDES
260 ## - PUBLICATION, DISTRIBUTION, ETC. (IMPRINT)
تاريخ النشر أو التوزيع 1983
300 ## - الوصف المادى
التعداد 408 P
490 ## - بيان السلسلة
عنوان السلسلة FODOR'S
رقم المجلد/ التعيين التسلسلي 0
650 04 - المدخل الاضافى بالموضوع-مصطلح موضوعى
مصطلح موضوعي TRAVELS
650 04 - المدخل الاضافى بالموضوع-مصطلح موضوعى
مصطلح موضوعي MOROCCO
650 04 - المدخل الاضافى بالموضوع-مصطلح موضوعى
مصطلح موضوعي NORTH AFRICA
650 04 - المدخل الاضافى بالموضوع-مصطلح موضوعى
مصطلح موضوعي ALGERIA
650 04 - المدخل الاضافى بالموضوع-مصطلح موضوعى
مصطلح موضوعي TUNISIA
942 ## - عناصر المدخل الإضافي( كوها)
مصدر التصنيف او مخطط الترفيف Dewey Decimal Classification
Koha [default] item type كتاب
260 ## - PUBLICATION, DISTRIBUTION, ETC. (IMPRINT)
-- [S.N] :
-- FOODOR'S TRAVEL GUIDES ،
Holdings
حالة التراجع حالة الفقد حالة تلف ليس للاعارة المكان المؤقت الموقع الحالى تاريخ الاكتساب اجمالي اﻻعارات رقم الطلب الباركود تاريخ اخر مشاهدة تاريخ تفعيل السعر نوع وعاء كوها
        مكتبة القاهرة الكبرى مكتبة القاهرة الكبرى 03/26/2014   910.202\F N 37283 03/26/2014 03/26/2014 كتاب

Powered By

EGPV